000 00455nam a22001697a 4500
003 MACL
005 20160721162529.0
008 160721b xxu||||| |||| 00| 0 eng d
040 _cMACL
041 _aEnglish
082 _a354 NEH
100 _aNehra, Surindersingh
_964916
245 _aGlobalization Social Security & Indian Armed Forces
_cSurindersigh Nehra
260 _aNew Delhi
_bG.B. Books
_c2015
650 _aArmy
_93799
942 _2ddc
_cBK
999 _c54623
_d54623